Statistics for Guess the NHL player!

Click here to take the quiz!

General Stats

  • This quiz has been taken 18 times
  • The average score is 9 of 15

Answer Stats

HintAnswer% Correct
Forward PenguinsCrosby
100%
Forward Maple LeafsMatthews
89%
Forward Maple LeafsMarner
78%
Goalie KingsQuick
78%
Defense AvalancheMakar
72%
Goalie WildFleury
67%
Defense PredatorsJosi
67%
Goalie PredatorsSaros
67%
Forward KingsKopitar
61%
Forward PredatorsForsberg
56%
Forward Golden KnightsStone
56%
Forward OilersDraisaitl
50%
Goalie Golden KnightsThompson
33%
Goalie CanadiensAllen
22%
Forward SenatorsChabot
6%

Score Distribution

Percentile by Number Answered

Percent of People with Each Score

Your Score History

You have not taken this quiz